Syntéza regulátora pomocou genetických algoritmov

Saved in:
Bibliographic Details
Main Author: Grigová, Andrea (Author)
Other Authors: Schreiber, Peter (Thesis advisor)
Format: Manuscript Book
Language:Slovak
Published: 2017
Subjects:
Online Access:http://is.stuba.sk/zp/portal_zp.pl?podrobnosti=127082
Tags: Add Tag
No Tags, Be the first to tag this record!

MARC

LEADER 00000ntm a22000003a 4500
001 stuzp62608
003 SK-STU
005 20170610210607.3
007 ta
008 150427s2015----xo-----f-mn---000-0-slo-d
040 |a STU  |b slo 
041 0 |a slo 
100 1 |a Grigová, Andrea  |u 066000  |4 aut  |U MTF Materiálovotechnologická fakulta  |T MTF Ústav aplikovanej informatiky, automatizácie a mechatroniky  |X 82034  |U M6000  |Y 86  |7 82034 
242 0 1 |a Synthesis of the Controller using Genetic Algorithms  |y eng 
245 1 0 |a Syntéza regulátora pomocou genetických algoritmov 
260 |c 2017 
650 4 |a inverzia dynamiky  |2 slo 
650 4 |a genetický algoritmus  |2 slo 
650 4 |a kvalita regulačného pochodu  |2 slo 
650 4 |a inverse dynamics  |2 eng 
650 4 |a genetic algorithm  |2 eng 
650 4 |a quality of control process  |2 eng 
700 1 |a Schreiber, Peter  |u 066000  |k Z1  |4 ths  |U MTF Materiálovotechnologická fakulta  |T MTF Ústav aplikovanej informatiky, automatizácie a mechatroniky  |X 247  |U M6000  |Y 86  |7 A000000247 
856 4 |u http://is.stuba.sk/zp/portal_zp.pl?podrobnosti=127082 
996 |c M* DP-13326  |l MMSKP  |s P  |a 0  |w stuzp62608_0001